| 000 | 01267nam a22002897i 4500 | ||
|---|---|---|---|
| 999 |
_c23616 _d23616 |
||
| 003 | AR-CdUCM | ||
| 008 | 260422b20172017 pe||||| |||| 00| 0 spa d | ||
| 020 | _a978-612-4234-76-7 | ||
| 040 |
_aMUNICIPALIDAD PROVINCIAL DEL CUSCO _cBIBLIOTECA MUNICIPAL DEL CUSCO |
||
| 041 | _hspa | ||
| 082 |
_a155.8985 _bA34 |
||
| 100 |
_aAlarcón, Reynaldo _942598 |
||
| 245 | _aPsicología de los peruanos en el tiempo y la historia / | ||
| 260 |
_aLima: _bUniversidad Ricardo Palma - Editorial Universitaria _c2017 |
||
| 300 |
_a235 páginas. : _c24x17 cm. |
||
| 500 | _zPáginas: 221-236 | ||
| 505 | _aCultura y rasgos psicológicos del peruano ancestral -- El indio prehispánico -- El virreinato: Rasgos psicológicos de blancos, criollos, negros y mestizos -- Estilos de comportamiento en el Perú colonial -- ¡Quienes somo los peruanos? -- La psicología de los peruanos, desde el enfoque etnopsicológico | ||
| 650 |
_aCultura y rasgos _952621 |
||
| 650 |
_aRasgos psicológicos _952622 |
||
| 650 |
_aPerfil psicológico _952623 |
||
| 650 |
_aEl prejuicio machista _952624 |
||
| 650 |
_aEl sentimiento religioso _952625 |
||
| 650 |
_aLa inmigración japonesa _952626 |
||
| 650 |
_aEl legado colonial _952627 |
||
| 942 |
_2ddc _cLIBROS |
||
| 945 |
_apbjr _d22-04-2026 |
||